| 000 | 00385 a2200145 4500 | ||
|---|---|---|---|
| 999 |
_c325193 _d325193 |
||
| 001 | 90120 | ||
| 003 | NUST | ||
| 082 | _a808.856 WAS | ||
| 100 |
_aWasif Ali Wasif _92946 |
||
| 245 |
_aMakalma : Muzakaray, Maqalat , Interviews _cWasif Ali Wasif _hUrdu |
||
| 250 | _a1st | ||
| 260 |
_aLahore _bKashif Publications _c2000 |
||
| 300 | _a259p. | ||
| 500 | _aGeneral Collection | ||
| 942 |
_aCAE NUST _cBK _k808.856 WAS _2ddc |
||